[Event "NED-ch U16 Youth 2019"]
[Site "Assen"]
[Date "2019.05.03"]
[Round "6.6"]
[White "Maters, Arthur"]
[Black "Albertus, Bram"]
[Result "1-0"]
[WhiteElo "2043"]
[BlackElo "1887"]
[Annotator "NA"]
[PlyCount "71"]
[EventDate "2019.04.28"]
[EventType "swiss"]
[EventCountry "NED"]
[SourceTitle "playchess.com"]
[Source "ChessBase"]
[SourceQuality "1"]
[TimeControl "40/5400+30:1800+30"]

1. e4 {[%emt 0:00:00]} c5 {[%emt 0:00:00]} 2. Nf3 {[%emt 0:00:00]} e6 {[%emt 0:00:00]} 3. d4 {[%emt 0:00:00]} cxd4 {[%emt 0:00:00]} 4. Nxd4 {[%emt 0:00:00]} Nc6 {[%emt 0:00:07]} 5. Nc3 {[%emt 0:00:00]} Qc7 {[%emt 0:00:25]} 6. g3 {[%emt 0:00:00]} a6 {[%emt 0:00:19]} 7. Bg2 {[%emt 0:00:00]} Nf6 {[%emt 0:00:46]} 8. O-O {[%emt 0:00:03]} Be7 {[%emt 0:00:39]} 9. a4 {[%emt 0:00:05]} O-O {[%emt 0:00:36]} 10. Be3 {[%emt 0:00:43]} d6 {[%emt 0:09:58]} 11. f4 {[%emt 0:01:01]} Rd8 {[%emt 0:24:53]} 12. Nb3 {[%emt 0:02:31]} Nd7 {[%emt 0:08:34]} 13. g4 {[%emt 0:06:13]} Nc5 {[%emt 0:01:02]} 14. g5 {[%emt 0:02:45]} b6 {[%emt 0:12:12]} 15. Rf3 {[%emt 0:10:36]} f6 {[%emt 0:09:52]} 16. Rh3 {[%emt 0:09:31]} g6 {[%emt 0:05:01]} 17. f5 {[%emt 0:05:48]} fxg5 {[%emt 0:04:24]} 18. Nd4 {[%emt 0:03:27]} Ne5 {[%emt 0:12:39]} 19. b4 {[%emt 0:14:11]} Ncd7 {[%emt 0:07:01]} 20. Nxe6 {[%emt 0:11:10]} Qxc3 {[%emt 0:00:27]} 21. Bxg5 {[%emt 0:00:05]} Qxb4 {[%emt 0:01:02]} 22. Bxe7 {[%emt 0:00:18]} Re8 {[%emt 0:00:21]} 23. Bxd6 {[%emt 0:00:41]} Qc4 {[%emt 0:00:17]} 24. Raa3 {[%emt 0:17:45]} Rxe6 {[%emt 0:00:52]} 25. fxe6 {[%emt 0:00:27]} Qxe6 {[%emt 0:00:02]} 26. Bxe5 {[%emt 0:00:51]} Nxe5 {[%emt 0:00:15]} 27. Qd8+ {[%emt 0:01:09]} Kg7 {[%emt 0:01:02]} 28. Rxh7+ {[%emt 0:00:57]} Kxh7 {[%emt 0:00:08]} 29. Rh3+ {[%emt 0:00:07]} Qxh3 {[%emt 0:00:10]} 30. Bxh3 {[%emt 0:00:05]} Nf7 {[%emt 0:01:19]} 31. Qd5 {[%emt 0:00:17]} Ra7 {[%emt 0:00:35]} 32. Bxc8 {[%emt 0:00:08]} Rc7 {[%emt 0:00:19]} 33. Bxa6 {[%emt 0:00:20]} Kg7 {[%emt 0:00:14]} 34. Bc4 {[%emt 0:00:28]} Re7 {[%emt 0:00:36]} 35. Qd4+ {[%emt 0:00:22]} Kf8 {[%emt 0:00:24]} 36. Bxf7 {[%emt 0:00:05]} 1-0

[Event "NED-ch U16 Youth 2019"]
[Site "Assen"]
[Date "2019.05.04"]
[Round "7.1"]
[White "Hilwerda, Jonas"]
[Black "Cchung, Chi Yun"]
[Result "1-0"]
[WhiteElo "2312"]
[BlackElo "1836"]
[Annotator "NA RC"]
[PlyCount "67"]
[EventDate "2019.04.28"]
[EventType "swiss"]
[EventCountry "NED"]
[SourceTitle "playchess.com"]
[Source "ChessBase"]
[SourceQuality "1"]
[TimeControl "40/5400+30:1800+30"]

{[%evp 8,65,-8,-8,0,7,25,14,14,8,14,12,13,4,46,23,24,25,27,12,4,7,16,-24,39,0,87,33,32767,32767,104,97,104,32767,143,185,177,184,242,206,368,345,345,404,779,553,533,382,635,349,850,32767,32767,882,32767,1944,29984,29960,5701,29978]} 1. e4 {[%emt 0:00:00]} c5 {[%emt 0:00:00]} 2. Nf3 {[%emt 0:00:00]} e6 {[%emt 0:00:00]} 3. b3 {[%emt 0:00:00]} b6 {[%emt 0:04:40]} 4. Bd3 {[%emt 0:00:04]} Bb7 {[%emt 0:03:47]} 5. O-O {[%emt 0:00:03]} d6 {[%emt 0:10:05]} 6. Bb2 {[%emt 0:01:54]} Nd7 {[%emt 0:07:06]} 7. Re1 {[%emt 0:01:03]} Ngf6 {[%emt 0:00:54]} 8. c3 {[%emt 0:04:40]} Be7 {[%emt 0:08:07]} 9. Bc2 {[%emt 0:00:18]} O-O {[%emt 0:02:59]} 10. d4 {[%emt 0:00:48]} Qc7 {[%emt 0:14:41]} (10... d5 $11) 11. Nbd2 {[%emt 0:02:42]} Rac8 {[%emt 0:08:00]} 12. Rc1 {[%emt 0:00:44]} a6 {[%emt 0:01:49]} 13. c4 {[%emt 0:05:04]} cxd4 {[%emt 0:05:18]} 14. Nxd4 {[%emt 0:00:18]} Qb8 $11 {[%emt 0:03:43]} 15. Nb1 {[%emt 0:05:56]} Bd8 {[%emt 0:12:13]} 16. Nd2 {[%emt 0:02:08]} d5 {[%emt 0:02:06]} 17. Ba3 {[%emt 0:07:09]} (17. exd5 $16 exd5 18. Nf5) 17... Re8 {[%emt 0:05:41]} 18. exd5 {[%emt 0:05:10]} exd5 {[%emt 0:00:22]} (18... Bc7 $14) 19. Rxe8+ {[%emt 0:01:27]} Nxe8 {[%emt 0:00:06]} 20. cxd5 {[%emt 0:02:58]} Ndf6 {[%emt 0:03:06]} 21. Nc6 $1 {[%emt 0:16:37]} Bxc6 {[%emt 0:01:19]} 22. dxc6 {[%emt 0:00:17]} Qf4 {[%emt 0:01:18]} (22... g6 $142 23. Bb1 Bc7) 23. Nf3 {[%emt 0:02:22]} Qh6 $2 {[%emt 0:00:53]} (23... b5 24. g3 Qg4) 24. Bf5 {[%emt 0:00:47]} Rb8 {[%emt 0:00:55]} 25. Rc4 {[%emt 0:02:39]} Nh5 $2 {[%emt 0:01:20]} (25... g6 26. Bd7 Nc7) 26. Bd7 {[%emt 0:08:31]} Bc7 {[%emt 0:01:48]} 27. Bc1 {[%emt 0:04:13]} Qf6 {[%emt 0:00:38]} (27... Qg6 $142 28. Be3 (28. Nh4 Qd6 $18) 28... Qd6) 28. Bg5 {[%emt 0:05:25]} Qb2 $2 {[%emt 0:00:21]} (28... Qd6 29. Rd4 Qc5) 29. Rc2 {[%emt 0:06:23]} Qa3 {[%emt 0:00:11]} 30. Bxe8 {[%emt 0:01:53]} Bf4 {[%emt 0:00:55]} 31. Bxf4 {[%emt 0:00:47]} Nxf4 {[%emt 0:00:05]} 32. c7 {[%emt 0:00:29]} Rxe8 {[%emt 0:00:31]} 33. c8=Q {[%emt 0:01:03] Back Rank} Ne2+ {[%emt 0:00:27]} 34. Qxe2 {[%emt 0:00:34]} 1-0

[Event "NED-ch U16 Youth 2019"]
[Site "Assen"]
[Date "2019.05.04"]
[Round "7.2"]
[White "Shakhverdian, William"]
[Black "Bruil, Rembrandt"]
[Result "1/2-1/2"]
[WhiteElo "1949"]
[BlackElo "2178"]
[Annotator "NA RC"]
[PlyCount "120"]
[EventDate "2019.04.28"]
[EventType "swiss"]
[EventCountry "NED"]
[SourceTitle "playchess.com"]
[Source "ChessBase"]
[SourceQuality "1"]
[TimeControl "40/5400+30:1800+30"]

1. d4 {[%emt 0:00:00]} d5 {[%emt 0:00:00]} 2. Nf3 {[%emt 0:00:00]} Nf6 {[%emt 0:00:00]} 3. c4 {[%emt 0:00:00]} e6 {[%emt 0:00:00]} 4. Bg5 {[%emt 0:00:00]} Be7 {[%emt 0:00:00]} 5. Nc3 {[%emt 0:00:41]} O-O {[%emt 0:00:05]} 6. e3 {[%emt 0:00:01]} Nbd7 {[%emt 0:01:01]} 7. cxd5 {[%emt 0:00:44]} Nxd5 {[%emt 0:03:17]} 8. Bxe7 {[%emt 0:00:30]} Qxe7 {[%emt 0:00:11]} 9. Nxd5 {[%emt 0:02:04]} exd5 {[%emt 0:00:04]} 10. Bd3 {[%emt 0:00:30]} c6 {[%emt 0:02:29]} 11. Qc2 {[%emt 0:01:46]} Nf6 {[%emt 0:02:45]} 12. O-O {[%emt 0:03:06]} Ne4 {[%emt 0:07:04]} 13. Rfe1 $146 {[%emt 0:04:21] D61: Queen's Gambit Declined: Classical: 7 Qc2} ({Predecessor:} 13. Nd2 Bf5 14. Nxe4 Bxe4 15. Bxe4 Qxe4 16. Qxe4 dxe4 17. Rfc1 Rfd8 18. Rc5 f6 19. h4 Kf7 20. g4 Rd6 {1-0 (42) Deviatkin,A (2577)-Vaibhav,S (2485) Mumbai 2012}) 13... Re8 {[%emt 0:03:25]} 14. Nd2 {[%emt 0:01:00]} Qh4 {[%emt 0:08:46]} 15. Nf3 {[%emt 0:13:03]} Qh5 {[%emt 0:03:22]} 16. Ne5 {[%emt 0:01:09]} f6 {[%emt 0:18:31]} 17. Nf3 {[%emt 0:07:34]} Bh3 {[%emt 0:09:15]} 18. Nd2 {[%emt 0:15:02] [#]} Qg6 $1 {[%emt 0:01:20]} 19. Bf1 {[%emt 0:04:46]} Bf5 {[%emt 0:07:18]} 20. Nxe4 {[%emt 0:02:10]} Bxe4 {[%emt 0:00:51]} 21. Qd2 {[%emt 0:03:09]} Qf7 {[%emt 0:02:13]} 22. Rac1 {[%emt 0:02:33]} Qe7 {[%emt 0:01:59]} 23. a3 {[%emt 0:04:22]} a5 {[%emt 0:06:02]} 24. a4 {[%emt 0:03:00]} Qb4 {[%emt 0:01:56]} 25. Qxb4 {[%emt 0:01:54]} axb4 {[%emt 0:00:02]} 26. b3 {[%emt 0:00:23]} Kf8 {[%emt 0:03:57]} 27. f3 {[%emt 0:03:00]} Bg6 {[%emt 0:00:26]} 28. Kf2 {[%emt 0:00:24]} Re7 {[%emt 0:01:43]} 29. Be2 {[%emt 0:03:07]} Ke8 {[%emt 0:07:42]} 30. Bd1 {[%emt 0:00:36]} Kd7 {[%emt 0:00:08]} 31. Bc2 {[%emt 0:01:06]} Bf7 {[%emt 0:00:15]} 32. Bd3 {[%emt 0:01:27]} g6 {[%emt 0:01:20]} 33. h4 {[%emt 0:04:03]} Rae8 {[%emt 0:00:34]} 34. Ra1 {[%emt 0:01:47]} b6 {[%emt 0:04:02]} 35. Rac1 {[%emt 0:01:46]} Kd6 {[%emt 0:00:50]} 36. g4 {[%emt 0:03:01]} Rc8 {[%emt 0:01:53]} 37. e4 {[%emt 0:06:07]} dxe4 {[%emt 0:00:54]} 38. fxe4 {[%emt 0:00:05]} Bxb3 {[%emt 0:00:18]} 39. Rb1 {[%emt 0:00:54]} Bxa4 {[%emt 0:00:05]} 40. Rxb4 {[%emt 0:00:06]} b5 {[%emt 0:00:09]} 41. g5 {[%emt 0:30:20]} fxg5 {[%emt 0:33:07]} 42. hxg5 {[%emt 0:00:24]} c5 {[%emt 0:00:00]} 43. e5+ {[%emt 0:00:00]} Ke6 {[%emt 0:00:00]} 44. dxc5 {[%emt 0:00:00]} Rxc5 {[%emt 0:00:00]} 45. Kf3 $17 {[%emt 0:00:00]} Rf7+ {[%emt 0:00:00]} 46. Kg3 {[%emt 0:00:00]} Rd7 {[%emt 0:00:00]} 47. Bf1 {[%emt 0:00:00]} Rc3+ {[%emt 0:00:00]} 48. Kf4 {[%emt 0:00:00]} Rf7+ {[%emt 0:00:00]} 49. Kg4 {[%emt 0:00:00]} Rcf3 {[%emt 0:01:52]} 50. Be2 {[%emt 0:00:42]} Rc3 {[%emt 0:02:59]} 51. Bxb5 {[%emt 0:02:13]} Bxb5 {[%emt 0:00:12]} 52. Rxb5 {[%emt 0:00:03]} Rfc7 {[%emt 0:00:07]} 53. Rb6+ {[%emt 0:01:34]} R7c6 {[%emt 0:00:33]} 54. Rxc6+ {[%emt 0:03:20]} Rxc6 {[%emt 0:00:01]} 55. Ra1 {[%emt 0:00:59]} Rc4+ {[%emt 0:01:04]} 56. Kg3 {[%emt 0:00:16]} Kxe5 {[%emt 0:00:41]} 57. Ra7 {[%emt 0:01:29]} Kf5 {[%emt 0:00:13]} 58. Ra5+ {[%emt 0:00:38]} Ke4 {[%emt 0:00:10]} 59. Ra7 {[%emt 0:00:13]} Rc5 {[%emt 0:00:57]} 60. Kg4 {[%emt 0:00:36]} Ke5 {[%emt 0:00:57]} 1/2-1/2

[Event "NED-ch U16 Youth 2019"]
[Site "Assen"]
[Date "2019.05.04"]
[Round "7.3"]
[White "Grutter, Tim"]
[Black "Maters, Arthur"]
[Result "1-0"]
[WhiteElo "2029"]
[BlackElo "2043"]
[Annotator "NA RC"]
[PlyCount "79"]
[EventDate "2019.04.28"]
[EventType "swiss"]
[EventCountry "NED"]
[SourceTitle "playchess.com"]
[Source "ChessBase"]
[SourceQuality "1"]
[TimeControl "40/5400+30:1800+30"]

{[%evp 12,79,29,10,32767,32767,32767,32767,32767,32767,32767,32767,32767,32767,32767,32767,10,-53,17,0,25,0,8,0,32767,-29,-10,0,0,-28,0,-27,32767,-68,32767,-31,32767,32767,32767,-18,-13,-78,0,-12,-10,-15,0,32767,125,-80,-33,-96,32767,32767,32767,224,32767,294,279,291,705,32767,32767,32767,32767,2309,32767,32767,32767,29979]} 1. e4 {[%emt 0:00:00]} c5 {[%emt 0:00:00]} 2. Nf3 {[%emt 0:00:00]} d6 {[%emt 0:00:00]} 3. d4 {[%emt 0:00:00]} cxd4 {[%emt 0:00:00]} 4. Nxd4 {[%emt 0:00:00]} Nf6 {[%emt 0:00:00]} 5. Nc3 {[%emt 0:00:00]} a6 {[%emt 0:00:00]} 6. g3 {[%emt 0:00:00]} e5 {[%emt 0:00:00]} 7. Nb3 {[%emt 0:00:00]} Be7 {[%emt 0:00:34]} 8. Bg2 {[%emt 0:00:00]} b5 {[%emt 0:00:56] B91: Sicilian Najdorf: 6 g3} (8... O-O 9. a4 Nc6 10. O-O Nb4 11. a5 Be6 12. Bg5 h6 13. Bxf6 Bxf6 14. Ra4 Nc6 15. Nd5 Rc8 16. c3 g6 17. Nxf6+ Qxf6 18. Qxd6 {½-½ (68) Duda,J (2737)-Grischuk,A (2766) chess.com INT 2018}) 9. a4 {[%emt 0:00:08]} b4 {[%emt 0:00:04]} 10. Nd5 {[%emt 0:00:05]} a5 {[%emt 0:00:04]} 11. Nxe7 {[%emt 0:01:01]} Qxe7 {[%emt 0:00:07]} 12. O-O {[%emt 0:01:00]} O-O $146 {[%emt 0:01:30]} ({Predecessor:} 12... Bb7 13. Re1 O-O 14. Qe2 Qc7 15. Bg5 Nbd7 16. c3 {0-1 (27) Mamyrbay,A (2217)-Kenenbaev,A (1969) Ulaanbaatar 2015}) 13. Re1 {[%emt 0:07:30]} Qc7 {[%emt 0:09:34]} 14. Nd2 {[%emt 0:08:28]} ({White should play} 14. Bg5 $11) 14... Bb7 {[%emt 0:02:26]} 15. b3 {[%emt 0:03:04]} Rd8 {[%emt 0:25:57]} 16. Bb2 {[%emt 0:05:29]} Nbd7 {[%emt 0:01:41]} 17. Rc1 {[%emt 0:02:04]} Nc5 {[%emt 0:55:37]} 18. Re3 {[%emt 0:04:06]} Ba6 {[%emt 0:00:00]} 19. c4 {[%emt 0:11:03]} Bb7 {[%emt 0:00:00]} 20. h3 {[%emt 0:06:04]} Rf8 {[%emt 0:00:00]} 21. f4 {[%emt 0:08:30]} Qb6 {[%emt 0:00:00]} 22. Qe2 {[%emt 0:03:38]} Bxe4 {[%emt 0:00:00]} 23. Nxe4 {[%emt 0:01:54]} Nfxe4 {[%emt 0:00:00]} 24. Kh2 {[%emt 0:01:50]} f5 {[%emt 0:00:00]} 25. fxe5 {[%emt 0:02:19]} dxe5 {[%emt 0:00:00]} 26. Rd1 {[%emt 0:07:49]} (26. Bxe5 $11 {remains equal.} Rae8 27. Bd4) 26... Rad8 {[%emt 0:00:00]} ({Better is} 26... Rae8 $17) 27. Bxe5 {[%emt 0:08:42]} Rxd1 {[%emt 0:00:00]} 28. Qxd1 {[%emt 0:00:02]} Rd8 {[%emt 0:00:00]} 29. Qf3 {[%emt 0:02:42]} Qe6 {[%emt 0:00:00]} (29... g6 $11 {keeps the balance.}) 30. Bf4 $2 {[%emt 0:01:30]} (30. Bc7 $16 {is forced if you want to stay better.} Ra8 31. Qd1) 30... Rd2 {[%emt 0:00:00]} 31. g4 {[%emt 0:01:00]} g5 {[%emt 0:00:00]} 32. Bxg5 {[%emt 0:01:51]} Qe5+ {[%emt 0:00:00] [#]} 33. Bf4 $1 {[%emt 0:00:31]} Qb2 {[%emt 0:00:00]} 34. gxf5 {[%emt 0:01:15]} Rf2 {[%emt 0:00:00]} 35. Qg4+ {[%emt 0:00:07]} Kh8 $2 {[%emt 0:00:00]} (35... Kf7 36. Qh5+ Kg7 37. f6+ {[%mdl 64] Decoy} (37. Bh6+ Kf6 $11) 37... Kxf6 38. Qh4+ Kg6) 36. Bc7 {[%emt 0:04:54]} Qd2 {[%emt 0:07:58]} 37. Rxe4 {[%emt 0:02:58]} Rxg2+ {[%emt 0:01:00]} 38. Qxg2 {[%emt 0:00:08]} Qxg2+ {[%emt 0:00:05]} 39. Kxg2 {[%emt 0:00:07]} Nxe4 {[%emt 0:00:02]} 40. Bxa5 {[%emt 0:00:32]} 1-0

[Event "NED-ch U16 Youth 2019"]
[Site "Assen"]
[Date "2019.05.04"]
[Round "7.4"]
[White "Elgersma, Onno"]
[Black "Honkoop, Gilian"]
[Result "1/2-1/2"]
[WhiteElo "2174"]
[BlackElo "2038"]
[Annotator "TA"]
[PlyCount "122"]
[EventDate "2019.04.28"]
[EventType "swiss"]
[EventCountry "NED"]
[SourceTitle "playchess.com"]
[Source "ChessBase"]
[SourceQuality "1"]

{[%evp 18,122,0,7,29,22,42,39,47,36,55,55,93,91,102,92,162,184,170,180,179,186,173,179,176,173,201,204,204,46,141,145,162,126,160,58,50,76,64,0,66,57,56,63,66,25,75,8,191,188,327,94,96,89,90,16,16,16,86,99,161,0,192,187,250,161,170,163,160,156,635,0,0,0,0,0,0,0,0,0,0,0,0,0,0,0,0,0,0,0,0,-81,-81,-88,-88,-359,0,0,0,0,0,0,0,0,0,0,0]} 1. e4 e5 2. Nf3 Nc6 3. Bb5 a6 4. Ba4 Nf6 5. O-O Be7 6. d3 b5 7. Bb3 d6 8. a3 O-O 9. Nc3 Bg4 10. Be3 Na5 {C84: Closed Ruy Lopez: Unusual White 6th moves} (10... Nd4 $5) (10... Nd4 11. Bxd4 exd4 12. Nd5 Nd7 13. h3 Bxf3 14. Qxf3 c6 15. Nf4 Nc5 16. Ba2 a5 17. Qg4 Kh8 18. Ne2 {1-0 (48) Caruana,F (2828)-Postny,E (2623) chess.com INT 2019}) 11. Ba2 c5 12. Nd5 Nc6 {White is slightly better.} 13. c3 Kh8 14. h3 Be6 $146 ({Predecessor:} 14... Bh5 15. b4 Nd7 16. Qe2 Bg5 17. Qd2 Bxe3 18. Qxe3 cxb4 {1-0 (48) Gonzalez Garcia,J (2498)-Perez Mitjans,O (2457) Badalona 2016}) 15. b4 Nd7 16. a4 f5 (16... Rb8 $16) 17. Nxe7 $18 Qxe7 18. Bxe6 Qxe6 19. axb5 axb5 20. Rxa8 Rxa8 21. Ng5 Qg6 22. exf5 Qxf5 23. f4 $2 (23. Qb3 $1 $18 {And now Nf7+ would win.} h6 24. Nf7+ Kh7 25. Nxd6 Qxd3 26. bxc5 (26. Bxc5 Nxc5 27. bxc5 b4 $11)) 23... Rf8 ({Better is} 23... exf4 $14 24. Rxf4 Qd5) 24. g4 $16 Qf6 {[%cal Re5f4]} 25. bxc5 Nxc5 26. d4 (26. fxe5 $16 Qxf1+ 27. Qxf1 Rxf1+ 28. Kxf1) 26... exd4 $14 27. cxd4 Ne6 28. Nxh7 (28. d5 $14 Nxg5 29. dxc6) 28... Kxh7 (28... Qh4 $1 $11 29. Rf3 Qxh7) 29. Qc2+ {[%mdl 64] Double Attack} Kh8 $1 30. Qxc6 {[%mdl 64] Double Attack} Nxd4 31. Qd5 Ne2+ 32. Kg2 (32. Kh2 $1 $16 Qc3 33. Rf3 (33. Qxd6 Re8 $11)) 32... b4 $2 (32... Qc3 $1 $11 33. Qd2 (33. Qxd6 Re8 $11) 33... Qc6+ 34. Kh2 Nc3) 33. Qh5+ $1 $18 Kg8 (33... Qh6 $142) 34. Qb5 $2 (34. g5 $1 $18 {[%cal Rg5f6]} Qe6 35. Qxe2) 34... Nc3 $16 35. Qxb4 {Strongly threatening Qb3+.} Nd5 36. Qb3 (36. Qe4 $16 Qf7 37. Qd3) 36... Qe6 $11 37. Rf3 Rc8 (37... Nxf4+ $11 38. Bxf4 Qxb3 39. Rxb3 Rxf4) 38. Bd2 $1 $36 {[%mdl 2048] Keeping Black busy.} Qe4 (38... Qe2+ $16 39. Rf2 Qe4+ 40. Qf3 Qd4) 39. Kg3 $2 ({White should try} 39. Qd3 $18 Qc4 40. Qxc4 Rxc4 41. f5) 39... Kh8 $2 (39... Rc2 $11 {and Black stays safe.} 40. Qd3 Nf6) 40. Qd3 $18 Nf6 (40... Qe6 {was called for.} 41. Rf1 Nf6) 41. Re3 ({Worse is} 41. Qxd6 Qe2 $15) 41... Qa4 42. Kh4 d5 (42... Qxf4 $2 43. Re8+ $1 {[%mdl 512]} Rxe8 44. Bxf4 $18) 43. Qf5 Rc2 $2 (43... Rf8 $16 44. Re7 Qd4) 44. Rc3 $2 (44. g5 $18 Qd4 45. gxf6 Qxf6+ 46. Qxf6 gxf6 47. Rd3) 44... Rxc3 $11 45. Bxc3 d4 46. Bb2 {Black must now prevent g5.} Qb4 47. Qc8+ Kh7 48. Qc2+ Kh8 {Threatening ...Qe1+.} 49. Qc8+ Kh7 50. Qc2+ Kg8 51. Qc8+ Kh7 52. Qf5+ Kh8 53. Qc8+ Ng8 54. Qc2 (54. Qc1 $11 {keeps the balance.}) 54... Qe1+ $17 55. Kh5 {[#]} Nf6+ $1 56. Kg5 $2 {[%mdl 8192] [#]} (56. Kg6 $17 Qe8+ 57. Kg5) 56... Qe4 $2 (56... Qe7 $1 $19 {( -> ...Ne4+!)} 57. Kg6 Qe6) 57. Qxe4 {The position is equal.} Nxe4+ 58. Kg6 d3 {...d2 is the strong threat.} 59. Bc1 $1 ({But not} 59. Bxg7+ $2 Kg8 $19) 59... d2 {[#]} 60. Bxd2 $1 {[%mdl 512]} Nxd2 61. f5 Ne4 {Accuracy: White = 54%, Black = 35%.} 1/2-1/2

[Event "NED-ch U16 Youth 2019"]
[Site "Assen"]
[Date "2019.05.04"]
[Round "7.5"]
[White "Van Wijngaarden, Frank"]
[Black "Van der Schaaf, Tristan"]
[Result "1-0"]
[WhiteElo "1774"]
[BlackElo "1807"]
[Annotator "NA RC"]
[PlyCount "59"]
[EventDate "2019.04.28"]
[EventType "swiss"]
[EventCountry "NED"]
[SourceTitle "playchess.com"]
[Source "ChessBase"]
[SourceQuality "1"]
[TimeControl "40/5400+30:1800+30"]

1. e4 {[%emt 0:00:00]} c6 {[%emt 0:00:00]} 2. d4 {[%emt 0:00:00]} d5 {[%emt 0:00:00]} 3. Nc3 {[%emt 0:00:00]} dxe4 {[%emt 0:00:00]} 4. Nxe4 {[%emt 0:00:00]} Bf5 {[%emt 0:00:00]} 5. Ng3 {[%emt 0:00:00]} Bg6 {[%emt 0:00:00]} 6. h4 {[%emt 0:00:00]} h6 {[%emt 1:33:00]} 7. Nf3 {[%emt 0:00:06]} Nd7 {[%emt 0:00:00]} 8. h5 {[%emt 0:00:40]} Bh7 {[%emt 0:00:00]} 9. Bd3 {[%emt 0:00:08]} Bxd3 {[%emt 0:00:00]} 10. Qxd3 {[%emt 0:00:01]} Ngf6 {[%emt 0:00:00]} 11. Bd2 {[%emt 0:00:14]} e6 {[%emt 0:00:00]} 12. O-O-O {[%emt 0:00:18]} Be7 {[%emt 0:00:00]} 13. Kb1 {[%emt 0:01:35]} Qb6 {[%emt 0:00:00] B19: Classical Caro-Kann: 4...Bf5 main line} 14. Ne4 {[%emt 0:01:44]} Nxe4 {[%emt 0:00:00]} 15. Qxe4 {[%emt 0:00:02]} Nf6 {[%emt 0:00:00]} 16. Qe2 {[%emt 0:01:33]} c5 {[%emt 0:00:00] [#]} 17. Be3 $146 {[%emt 0:20:44]} ({Predecessor:} 17. dxc5 Bxc5 18. Ne5 Rc8 19. Bc3 O-O 20. Nd7 Nxd7 21. Qg4 {½-½ (53) Kulaots,K (2570)-Ipatov,A (2581) Konya 2012}) 17... O-O {[%emt 0:00:00]} 18. g4 {[%emt 0:09:48]} Nd5 {[%emt 0:00:00]} 19. Ka1 {[%emt 0:09:33]} Nxe3 {[%emt 0:00:00]} 20. fxe3 {[%emt 0:02:20]} Rfd8 {[%emt 0:00:00]} 21. g5 {[%emt 0:05:28]} hxg5 {[%emt 0:00:00] [#]} (21... Bxg5 $16 {was called for.} 22. Nxg5 hxg5) 22. h6 $1 {[%emt 0:01:00]} g6 {[%emt 0:00:00]} (22... Bf6 {was necessary.} 23. hxg7 cxd4) 23. h7+ {[%emt 0:00:47]} Kg7 {[%emt 0:00:00]} 24. Qh2 {[%emt 0:00:36]} Bf6 {[%emt 0:00:00] [#]} 25. Rdf1 $1 {[%emt 0:03:40]} Rf8 $18 {[%emt 0:00:00]} (25... e5) 26. Ne5 {[%emt 0:14:00]} Qd8 {[%emt 0:00:00]} 27. Qf2 {[%emt 0:04:33]} cxd4 {[%emt 0:00:00]} 28. exd4 {[%emt 0:02:11]} Bxe5 {[%emt 0:00:00]} 29. h8=Q+ {[%emt 0:00:18]} Rxh8 {[%emt 0:00:00]} 30. Qxf7# {[%emt 0:00:03]} 1-0

[Event "NED-ch U16 Youth 2019"]
[Site "Assen"]
[Date "2019.05.04"]
[Round "7.6"]
[White "Gevorkjan, Lewon"]
[Black "Albers, Sasa"]
[Result "1/2-1/2"]
[WhiteElo "1808"]
[BlackElo "1690"]
[Annotator "NA RC"]
[PlyCount "64"]
[EventDate "2019.04.28"]
[EventType "swiss"]
[EventCountry "NED"]
[SourceTitle "playchess.com"]
[Source "ChessBase"]
[SourceQuality "1"]
[TimeControl "40/5400+30:1800+30"]

1. e4 {[%emt 0:00:00]} c6 {[%emt 0:00:00]} 2. d4 {[%emt 0:00:00]} d5 {[%emt 0:00:00]} 3. Nc3 {[%emt 0:00:00]} dxe4 {[%emt 0:00:00]} 4. Nxe4 {[%emt 0:00:00]} Nf6 {[%emt 0:00:00]} 5. Nxf6+ {[%emt 0:00:09]} exf6 {[%emt 0:00:00]} 6. c3 {[%emt 0:00:08]} Bd6 {[%emt 0:00:04]} 7. Bd3 {[%emt 0:00:08]} O-O {[%emt 0:00:13]} 8. Qc2 {[%emt 0:00:11]} g6 {[%emt 0:00:15]} 9. Ne2 {[%emt 0:00:23]} Nd7 {[%emt 0:02:22] [#]} 10. h4 $1 {[%emt 0:00:23]} Re8 {[%emt 0:02:17]} 11. h5 {[%emt 0:00:17]} Nf8 {[%emt 0:00:13]} 12. Bh6 {[%emt 0:00:33]} Qe7 {[%emt 0:05:39] B15: Caro-Kann: 3 Nc3: 3...g6 and 3...dxe4 4 Nxe4 Nf6 5 Nxf6+ exf6} (12... Be6 13. O-O-O Qc7 14. c4 f5 15. Kb1 Rad8 16. Qc3 c5 17. d5 Be5 18. Qc1 Bc8 19. Bf4 Bxf4 20. Nxf4 g5 {1-0 (40) Savchenko,B (2562)-Jobava,B (2629) chess.com INT 2019}) 13. O-O-O {[%emt 0:01:35]} Bf5 {[%emt 0:02:53]} 14. Bxf8 {[%emt 0:20:48]} Kxf8 $146 {[%emt 0:06:29]} ({Predecessor:} 14... Bxd3 $11 {remains equal.} 15. Bxe7 (15. Rxd3 Qxf8 16. hxg6 fxg6 $11) 15... Bxc2 16. Bxd6 Rxe2 17. Rd2 Re6 18. Bc5 Bf5 19. h6 b6 20. Ba3 Rae8 21. Kd1 Be4 22. Rg1 Bd5 23. b3 b5 24. Bc5 a6 25. Kc2 f5 26. f3 f6 {½-½ (26) Lampe,D (2320)-Bobzin,P (2180) Hamburg 1995}) 15. hxg6 {[%emt 0:07:49]} Bxg6 {[%emt 1:17:05]} 16. Ng3 {[%emt 0:24:02]} ({White should try} 16. Qd2 $16 Kg8 17. Nf4) 16... Bxg3 {[%emt 0:00:00]} 17. fxg3 {[%emt 0:00:37]} Qe3+ {[%emt 0:00:00]} 18. Qd2 $2 {[%emt 0:01:53]} (18. Kb1 $15) 18... Qxg3 $2 {[%emt 0:00:00]} ({Better is} 18... Bxd3 $19 19. Rhe1 Be2) 19. Bxg6 {[%emt 0:00:46]} hxg6 {[%emt 0:00:00]} 20. Rdf1 {[%emt 0:05:24]} Qg5 {[%emt 0:00:00]} 21. Qxg5 {[%emt 0:00:22]} fxg5 {[%emt 0:00:00]} 22. Rh7 {[%emt 0:00:23]} f5 {[%emt 0:00:00]} 23. Rfh1 {[%emt 0:02:13]} Kg8 {[%emt 0:00:00]} 24. Kd2 {[%emt 0:04:11]} Rab8 {[%emt 0:00:00]} 25. Kd3 {[%emt 0:01:42]} f4 {[%emt 0:00:00]} 26. R1h6 {[%emt 0:04:12]} g4 {[%emt 0:00:00]} 27. Kc4 {[%emt 0:03:11]} f3 {[%emt 0:00:00]} 28. gxf3 {[%emt 0:01:48]} gxf3 {[%emt 0:00:00]} 29. Rc7 {[%emt 0:00:32]} Re6 {[%emt 0:00:00]} 30. Rhh7 $1 {[%emt 0:00:50]} Rf6 {[%emt 0:00:00]} 31. Rhg7+ {[%emt 0:00:30]} Kf8 {[%emt 0:00:00]} 32. Rh7 {[%emt 0:00:09]} Kg8 $11 {[%emt 0:00:00]} 1/2-1/2